[Event "9. Longericher Sommer-Open"]
[Site "9. Longericher Sommer-Open"]
[Date "2012.08.03"]
[Round "1.26"]
[White "Karwatzki, Hans-Jürgen"]
[Black "Brandl, Lea Maria"]
[Result "1-0"]
[WhiteElo "1710"]
[BlackElo "1619"]
[PlyCount "51"]
[EventDate "2012.??.??"]
[WhiteTeam "Vereinigung der Schachsportfreun"]
[BlackTeam "SV 1920 Hofheim"]

1. e4 c5 2. Nc3 Nc6 3. f4 d6 4. Nf3 e6 5. Bb5 Qc7 6. d3 Nge7 7. O-O a6 8. Bxc6+
Nxc6 9. Qe1 Be7 10. f5 O-O 11. Qg3 Bf6 12. Bg5 Bxg5 13. Nxg5 h6 14. f6 g6 15.
Qh4 h5 16. g4 e5 17. gxh5 Qd7 18. hxg6 Qg4+ 19. Qxg4 Bxg4 20. g7 Rfe8 21. Nd5
Rac8 22. Ne3 Bd7 23. Rf5 Nd4 24. Ng4 Nf3+ 25. Nxf3 Kh7 26. Rh5+ 1-0

[Event "9. Longericher Sommer-Open"]
[Site "9. Longericher Sommer-Open"]
[Date "2012.08.03"]
[Round "1.27"]
[White "Andrä, Philipp"]
[Black "Rieger, Isabelle"]
[Result "1/2-1/2"]
[WhiteElo "1889"]
[BlackElo "1684"]
[PlyCount "52"]
[EventDate "2012.??.??"]
[WhiteTeam "SG Solingen e.V."]
[BlackTeam "SV Fideler Bauer Lever"]

1. e4 c5 2. Nf3 Nc6 3. d4 cxd4 4. Nxd4 Nf6 5. Nc3 e5 6. Ndb5 d6 7. Bg5 a6 8.
Na3 b5 9. Nd5 Be7 10. Nxe7 Nxe7 11. Qd3 Be6 12. Be2 d5 13. Bxf6 gxf6 14. exd5
Nxd5 15. Qg3 Qa5+ 16. c3 Rc8 17. Nb1 b4 18. O-O bxc3 19. Nxc3 Nxc3 20. bxc3
Qxc3 21. Qxc3 Rxc3 22. Bxa6 Ra3 23. Bb5+ Ke7 24. Rfc1 Rxa2 25. Rxa2 Bxa2 26.
Rc7+ Kd6 1/2-1/2

[Event "9. Longericher Sommer-Open"]
[Site "9. Longericher Sommer-Open"]
[Date "2012.08.03"]
[Round "1.28"]
[White "Spilles, Matthias"]
[Black "Sharifi Shamili, Ashkan"]
[Result "1-0"]
[WhiteElo "2024"]
[BlackElo "2059"]
[PlyCount "53"]
[EventDate "2012.??.??"]
[WhiteTeam "Brühler SK 1920 e.V."]
[BlackTeam "Düsseldorfer SK 14/25 e."]

1. e4 c5 2. Nf3 d6 3. d4 cxd4 4. Nxd4 Nf6 5. Nc3 g6 6. Be3 Bg7 7. Bc4 a6 8. f3
b5 9. Bb3 Bb7 10. Qd2 Nbd7 11. a4 b4 12. Nd5 a5 13. Nxf6+ Bxf6 14. O-O-O Nc5
15. Bc4 O-O 16. Bh6 Nxa4 17. Bxf8 Qxf8 18. h4 Qc8 19. Ba2 Nc3 20. bxc3 bxc3 21.
Qd3 Ba6 22. Nb5 Rb8 23. Qd5 Rxb5 24. Qxf7+ Kh8 25. Rxd6 Qb8 26. Bb3 Be5 27.
Rxa6 1-0

[Event "9. Longericher Sommer-Open"]
[Site "9. Longericher Sommer-Open"]
[Date "2012.08.04"]
[Round "2.1"]
[White "Evers, Leo"]
[Black "Mladenov, Svetlin"]
[Result "0-1"]
[WhiteElo "2034"]
[BlackElo "2352"]
[PlyCount "64"]
[EventDate "2012.??.??"]
[WhiteTeam "SG Porz e.V."]
[BlackTeam "SV Wattenscheid 1930"]

1. d4 d6 2. c4 g6 3. Nc3 Bg7 4. e4 Nf6 5. f3 O-O 6. Be3 a6 7. Qd2 Nc6 8. Nge2
Rb8 9. g4 b5 10. h4 Re8 11. h5 e5 12. d5 Nd4 13. Nxd4 exd4 14. Bxd4 Bxg4 15.
fxg4 Nxe4 16. Nxe4 Rxe4+ 17. Be3 Qe7 18. Rh3 bxc4 19. Be2 Rxb2 20. Qc1 Rb5 21.
Rb1 Rxe3 22. Rxe3 Rxb1 23. Qxb1 Qxe3 24. Qb8+ Bf8 25. hxg6 hxg6 26. Qb2 c3 27.
Qc2 Bg7 28. Qd3 Qg1+ 29. Bf1 Qxg4 30. Qc4 Qxc4 31. Bxc4 a5 32. Bd3 f5 0-1

[Event "9. Longericher Sommer-Open"]
[Site "9. Longericher Sommer-Open"]
[Date "2012.08.04"]
[Round "2.2"]
[White "Rotstein, Jefim"]
[Black "Gülsen, Taylan"]
[Result "1-0"]
[WhiteElo "2267"]
[BlackElo "1975"]
[PlyCount "97"]
[EventDate "2012.??.??"]
[WhiteTeam "Ford-SF Köln e.V."]
[BlackTeam "SG Niederkassel"]

1. d4 d5 2. Nf3 e6 3. e3 Bd6 4. c4 c6 5. Nc3 f5 6. Ne5 Nf6 7. Be2 O-O 8. O-O
Nbd7 9. f4 Ne4 10. Nxe4 fxe4 11. c5 Nxe5 12. fxe5 Be7 13. b4 b6 14. Bd2 a5 15.
Qc2 axb4 16. Bxb4 Rxf1+ 17. Rxf1 Ba6 18. Bxa6 Rxa6 19. a4 Qd7 20. Rb1 Bg5 21.
Bd2 Qa7 22. cxb6 Rxb6 23. a5 Rxb1+ 24. Qxb1 Qa6 25. Qf1 Qa7 26. a6 h6 27. g3
Be7 28. Qa1 Bd8 29. Qa4 Bb6 30. Bb4 Bxd4 31. exd4 Qxd4+ 32. Kf1 Qd3+ 33. Ke1
Qb1+ 34. Kd2 Qb2+ 35. Ke3 Qc1+ 36. Bd2 Qg1+ 37. Ke2 d4 38. Be1 Qg2+ 39. Kd1 d3
40. a7 Qe2+ 41. Kc1 Qxe1+ 42. Kb2 Qd2+ 43. Kb3 Qc2+ 44. Kb4 Qb2+ 45. Kc5 Qxe5+
46. Kb6 d2 47. a8=Q+ Kh7 48. Q8xc6 Kh8 49. Qca8+ 1-0

[Event "9. Longericher Sommer-Open"]
[Site "9. Longericher Sommer-Open"]
[Date "2012.08.04"]
[Round "2.3"]
[White "Martino-Groß, Peter"]
[Black "Harff, Marcel"]
[Result "1/2-1/2"]
[WhiteElo "1972"]
[BlackElo "2205"]
[PlyCount "62"]
[EventDate "2012.??.??"]
[WhiteTeam "Ohligser Turnverein 1888 e.V."]
[BlackTeam "SG Hochneukirch"]

1. Nf3 g6 2. g3 Bg7 3. d4 d5 4. Bg2 c5 5. c3 b6 6. O-O Nf6 7. Bg5 O-O 8. Bxf6
Bxf6 9. e3 Nc6 10. Re1 Bb7 11. Nbd2 e6 12. dxc5 bxc5 13. e4 Qb6 14. Qb3 Rfd8
15. Rad1 Na5 16. Qxb6 axb6 17. exd5 exd5 18. Ne5 Nc6 19. Nxc6 Bxc6 20. a3 Ba4
21. Rc1 Ra7 22. b3 Bc6 23. a4 Rc7 24. Nf1 d4 25. Bxc6 Rxc6 26. cxd4 Rxd4 27.
Ne3 Rd3 28. Rb1 Bd4 29. Red1 Rxd1+ 30. Rxd1 Re6 31. Rd3 Kf8 1/2-1/2

[Event "9. Longericher Sommer-Open"]
[Site "9. Longericher Sommer-Open"]
[Date "2012.08.04"]
[Round "2.4"]
[White "Goldenstein, Arnd"]
[Black "Neubauer, Jürgen"]
[Result "0-1"]
[WhiteElo "1935"]
[BlackElo "2119"]
[PlyCount "99"]
[EventDate "2012.??.??"]
[WhiteTeam "Klub Kölner SF e.V. 1"]
[BlackTeam "SK Turm Euskirchen 65"]

1. d4 e6 2. c4 f5 3. g3 Nf6 4. Bg2 Be7 5. Nf3 O-O 6. O-O d6 7. b4 c6 8. Nbd2
Na6 9. Rb1 Nc7 10. Qc2 Bd7 11. e4 fxe4 12. Nxe4 Nxe4 13. Qxe4 Be8 14. Rb3 Bg6
15. Qe3 Bf6 16. Ng5 d5 17. c5 Qd7 18. Nf3 Bf5 19. Ne5 Bxe5 20. Qxe5 Ne8 21. Bf4
Qf7 22. b5 cxb5 23. Rxb5 Bd3 24. Bh3 Kh8 25. Bxe6 Qe7 26. Rfb1 Bxb5 27. Rxb5
Nf6 28. Qd6 Qe8 29. Rxb7 Ne4 30. Qc7 Qg6 31. Be5 Nf6 32. c6 Nh5 33. f4 Qxe6 34.
Bxg7+ Kg8 35. Bxf8 Qe1+ 36. Kg2 Qe4+ 37. Kh3 Rxf8 38. Qe5 Nxf4+ 39. Qxf4 Rxf4
40. gxf4 Qf3+ 41. Kh4 Qxf4+ 42. Kh3 Qf3+ 43. Kh4 Qf6+ 44. Kh5 Qxc6 45. Rxa7
Qg6+ 46. Kh4 Qe4+ 47. Kh5 Qxd4 48. Ra8+ Kg7 49. a4 Qe5+ 50. Kh4 0-1

[Event "9. Longericher Sommer-Open"]
[Site "9. Longericher Sommer-Open"]
[Date "2012.08.04"]
[Round "2.5"]
[White "Pieper, Dawid"]
[Black "Spilles, Matthias"]
[Result "1-0"]
[WhiteElo "2124"]
[BlackElo "1971"]
[PlyCount "63"]
[EventDate "2012.??.??"]
[WhiteTeam "SVigung 1920 Plettenbe"]
[BlackTeam "Brühler SK 1920 e.V."]

1. e4 e6 2. Nf3 d5 3. e5 b6 4. d4 c5 5. c3 Qd7 6. a4 Ne7 7. a5 Ba6 8. Bxa6 Nxa6
9. axb6 axb6 10. dxc5 bxc5 11. Qe2 Nc7 12. Rxa8+ Nxa8 13. O-O Nc7 14. Nbd2 Nc6
15. Rd1 Qc8 16. Nf1 Be7 17. Ng3 Qa6 18. Qe3 Qa4 19. Re1 h5 20. h4 Qg4 21. b3
O-O 22. Ba3 d4 23. cxd4 cxd4 24. Qc1 Bxa3 25. Qxc6 Nd5 26. Re4 Qg6 27. Nxd4 Rb8
28. Qc2 Bb4 29. Nc6 Rc8 30. Rc4 Kh7 31. Nxb4 Rxc4 32. Qxc4 1-0

[Event "9. Longericher Sommer-Open"]
[Site "9. Longericher Sommer-Open"]
[Date "2012.08.04"]
[Round "2.6"]
[White "Heedt, Thorsten"]
[Black "Schmidt, Kai-Uwe"]
[Result "1-0"]
[WhiteElo "2096"]
[BlackElo "1951"]
[PlyCount "53"]
[EventDate "2012.??.??"]
[WhiteTeam "SG Porz e.V."]
[BlackTeam "Klub Kölner SF e.V. 1"]

1. c4 Nf6 2. g3 g6 3. Bg2 d5 4. Nf3 Bg7 5. O-O O-O 6. Na3 Nc6 7. d4 dxc4 8.
Nxc4 Bf5 9. b3 Nd5 10. Bb2 Nb6 11. Qd2 Be4 12. Rfd1 Re8 13. Qf4 Bc2 14. Rd2
Nxc4 15. bxc4 Ba4 16. d5 Bxb2 17. Rxb2 e5 18. Qh6 Na5 19. Ng5 Qf6 20. Qxh7+ Kf8
21. Qh6+ Qg7 22. Qh4 Kg8 23. Ne4 Red8 24. c5 Bd7 25. Nf6+ Kf8 26. Nxd7+ Rxd7
27. Qb4 1-0

[Event "9. Longericher Sommer-Open"]
[Site "9. Longericher Sommer-Open"]
[Date "2012.08.04"]
[Round "2.7"]
[White "Freundlieb, Thomas"]
[Black "Hack, Thomas"]
[Result "1/2-1/2"]
[WhiteElo "2055"]
[BlackElo "1942"]
[PlyCount "54"]
[EventDate "2012.??.??"]
[WhiteTeam "SV Bergneustadt/Dersch"]
[BlackTeam "SK Turm Euskirchen 65"]

1. d4 Nf6 2. Nf3 e6 3. e3 b6 4. Bd3 Bb7 5. Nbd2 d5 6. Ne5 g6 7. f4 Bg7 8. Qf3
O-O 9. O-O c5 10. c3 Ba6 11. Bxa6 Nxa6 12. g4 Nc7 13. Rf2 Nd7 14. Nxd7 Qxd7 15.
Nf1 Ne8 16. Ng3 Nd6 17. Bd2 Rac8 18. Raf1 f5 19. g5 Qa4 20. a3 Qb3 21. Bc1 a5
22. h4 Rc7 23. h5 Rfc8 24. Ne2 c4 25. Ng3 Ne4 26. Rh2 Nxg3 27. Qxg3 Kf7 1/2-1/2

[Event "9. Longericher Sommer-Open"]
[Site "9. Longericher Sommer-Open"]
[Date "2012.08.04"]
[Round "2.8"]
[White "Henrotte, Nils"]
[Black "Hobusch, Jan"]
[Result "*"]
[WhiteElo "1885"]
[BlackElo "2042"]
[PlyCount "122"]
[EventDate "2012.??.??"]
[WhiteTeam "Eschweiler SC 1921 e.V."]
[BlackTeam "SG Bochum 1931"]

1. e4 c6 2. d4 d5 3. exd5 cxd5 4. Bd3 Nc6 5. c3 Nf6 6. Bf4 Bg4 7. Qb3 Qc8 8.
Nd2 e6 9. Ngf3 Be7 10. O-O Bh5 11. Rfe1 O-O 12. Ne5 Nxe5 13. Bxe5 Bg6 14. Bxg6
hxg6 15. Qd1 b5 16. Re3 Qb7 17. g4 Rfc8 18. g5 Nh5 19. h4 Rc6 20. Nf1 f6 21.
gxf6 gxf6 22. Ng3 Ng7 23. Bf4 Kf7 24. Qg4 f5 25. Qf3 Rh8 26. Be5 Bf6 27. Bxf6
Kxf6 28. Qf4 Qe7 29. Rae1 Kf7 30. h5 g5 31. Qe5 Qf6 32. Nf1 Qxe5 33. Rxe5 Nxh5
34. Nd2 Kf6 35. Nb3 Nf4 36. R5e3 Rh3 37. Nc5 Rxe3 38. Rxe3 Rc7 39. Nd3 Nxd3 40.
Rxd3 g4 41. f3 gxf3 42. Rxf3 Rg7+ 43. Kf2 Rh7 44. Kg2 a5 45. Rf1 Rh4 46. Kf3
Rh2 47. Rb1 Ke7 48. Ke3 Kd6 49. a3 Kc6 50. Kf4 Rc2 51. Ke3 Kb6 52. Kd3 Rh2 53.
b3 Kc6 54. Rc1 Ra2 55. a4 bxa4 56. b4 axb4 57. cxb4+ Kb5 58. Re1 Kxb4 59. Rxe6
Ra3+ 60. Kc2 Kc4 61. Rf6 Rf3 *

[Event "9. Longericher Sommer-Open"]
[Site "9. Longericher Sommer-Open"]
[Date "2012.08.04"]
[Round "2.9"]
[White "Spradley, Julian"]
[Black "Begri, Robert"]
[Result "0-1"]
[WhiteElo "1924"]
[BlackElo "2031"]
[PlyCount "86"]
[EventDate "2012.??.??"]
[WhiteTeam "SV Erftstadt e.V."]
[BlackTeam "Tischtennisclub Grün-Weiß Fritzd"]

1. d4 Nf6 2. c4 e6 3. Nc3 Bb4 4. Qc2 c5 5. dxc5 Na6 6. a3 Bxc3+ 7. Qxc3 Nxc5 8.
f3 d5 9. cxd5 b6 10. e4 exd5 11. b4 Na4 12. Qb3 Bd7 13. e5 Qe7 14. f4 Rc8 15.
Bd3 Nc3 16. Nf3 O-O 17. O-O Nfe4 18. Be3 Ba4 19. Qb2 Qd7 20. Rac1 Bb5 21. Bxb5
Qxb5 22. Kh1 Qd3 23. Bd4 Ne2 24. Rcd1 Qc2 25. Nd2 Qxb2 26. Bxb2 Rc2 27. Nxe4
dxe4 28. Bd4 Rfc8 29. g3 h5 30. Bg1 Ra2 31. Rf2 Rcc2 32. Re1 Kh7 33. Kg2 e3 34.
Rfxe2 Rxe2+ 35. Rxe2 Rxe2+ 36. Kf3 Ra2 37. Kxe3 Rxa3+ 38. Ke4 Rb3 39. f5 Rxb4+
40. Kd5 Rb1 41. Bd4 Rd1 42. e6 fxe6+ 43. fxe6 Kg8 0-1

[Event "9. Longericher Sommer-Open"]
[Site "9. Longericher Sommer-Open"]
[Date "2012.08.04"]
[Round "2.10"]
[White "Dijkhuis, Tycho"]
[Black "Flüchter, Gregor"]
[Result "1/2-1/2"]
[WhiteElo "2006"]
[BlackElo "1934"]
[PlyCount "33"]
[EventDate "2012.??.??"]
[WhiteTeam "Schaakclub Utrecht"]
[BlackTeam "SF Brackel 1930 e.V."]

1. e4 c5 2. Nf3 d6 3. d4 cxd4 4. Nxd4 Nf6 5. Nc3 a6 6. Be3 e5 7. Nb3 Be6 8. f3
Be7 9. Qd2 O-O 10. O-O-O Nbd7 11. g4 b5 12. g5 b4 13. Ne2 Ne8 14. f4 a5 15. f5
a4 16. Nbd4 b3 (16... exd4 17. Nxd4 b3 18. Kb1 bxc2+ 19. Nxc2 Bb3 20. axb3 axb3
21. Na3 Ne5 22. h4 Qc8 23. Rc1 Qb7 24. Qd5 Qxd5 25. exd5 f6 26. Bg2 Ra4 27. Bf1
) 17. Kb1 1/2-1/2

[Event "9. Longericher Sommer-Open"]
[Site "9. Longericher Sommer-Open"]
[Date "2012.08.04"]
[Round "2.11"]
[White "Niesel, Matthias P"]
[Black "Esser, Thomas"]
[Result "1-0"]
[WhiteElo "2088"]
[BlackElo "1872"]
[PlyCount "59"]
[EventDate "2012.??.??"]
[BlackTeam "SV Horrem 1948"]

1. c4 Nf6 2. g3 e5 3. Bg2 c6 4. d4 exd4 5. Qxd4 d5 6. Nc3 Be6 7. cxd5 cxd5 8.
Nf3 Be7 9. O-O Nc6 10. Qa4 O-O 11. Rd1 Qb6 12. Qb5 Qxb5 13. Nxb5 Rac8 14. Bf4
Nh5 15. Bd6 a6 16. Bxe7 Nxe7 17. Nbd4 Nf6 18. Nxe6 fxe6 19. Bh3 Rc2 20. Bxe6+
Kh8 21. Rd2 Rc6 22. Nd4 Rd6 23. f3 Nc6 24. Bh3 Re8 25. Kf2 g6 26. Rc1 Rf8 27.
Ke1 Re8 28. Nxc6 Rxc6 29. Rxc6 bxc6 30. Rc2 1-0

[Event "9. Longericher Sommer-Open"]
[Site "9. Longericher Sommer-Open"]
[Date "2012.08.04"]
[Round "2.12"]
[White "Scholzen, Wolfgang"]
[Black "Maczkowiak, Thomas"]
[Result "1/2-1/2"]
[WhiteElo "1966"]
[BlackElo "1843"]
[PlyCount "49"]
[EventDate "2012.??.??"]
[WhiteTeam "SK Turm Euskirchen 65"]
[BlackTeam "Märkischer Springer Halver-Schal"]

1. d4 Nf6 2. Nf3 d5 3. e3 Bf5 4. Bd3 Bxd3 5. cxd3 c6 6. O-O e6 7. Nc3 Be7 8. e4
O-O 9. Bg5 Nfd7 10. Bxe7 Qxe7 11. Qb3 Nb6 12. Rfe1 Rd8 13. a4 Na6 14. a5 Nc8
15. exd5 cxd5 16. Ne5 Qb4 17. Qxb4 Nxb4 18. Ra4 Nc6 19. a6 N8e7 20. axb7 Rab8
21. Nxc6 Nxc6 22. Ra6 Nxd4 23. Rxa7 Kf8 24. Rea1 Rd7 25. b4 1/2-1/2

[Event "9. Longericher Sommer-Open"]
[Site "9. Longericher Sommer-Open"]
[Date "2012.08.04"]
[Round "2.13"]
[White "Florin, Jon"]
[Black "Lambertz, Michael"]
[Result "0-1"]
[WhiteElo "1815"]
[BlackElo "1955"]
[PlyCount "98"]
[EventDate "2012.??.??"]
[WhiteTeam "ASK Reti Zürich"]
[BlackTeam "SF Esch e.V."]

1. d4 Nf6 2. Nf3 d5 3. e3 Bf5 4. c4 c6 5. cxd5 Nxd5 6. Nc3 e6 7. a3 Bd6 8. Be2
Nd7 9. Nxd5 exd5 10. O-O O-O 11. b4 Re8 12. b5 Re6 13. bxc6 bxc6 14. Bd2 g5 15.
h3 g4 16. hxg4 Bxg4 17. g3 Rg6 18. Kg2 Bxf3+ 19. Bxf3 Qc7 20. Qe1 Nf6 21. Bb4
Re8 22. Bxd6 Qxd6 23. Qb4 Qe6 24. Qb1 Ne4 25. Bxe4 dxe4 26. Qc2 h5 27. Rh1 Qf6
28. Qe2 h4 29. Rh3 Kg7 30. Rah1 Rh8 31. Qd1 Rhh6 32. Qe2 Qg5 33. Qd1 f5 34. d5
f4 35. Qd4+ Kh7 36. Qxe4 fxg3 37. fxg3 cxd5 38. Qd3 Kg8 39. Qd2 Qe5 40. Qe1
Qe4+ 41. Kg1 d4 42. R1h2 dxe3 43. Rb2 Rxg3+ 44. Rxg3+ hxg3 45. Rb8+ (45. Qxg3+
Rg6 46. Qxg6+ Qxg6+ 47. Rg2) 45... Kh7 46. Rh8+ Kxh8 47. Qc3+ Kh7 48. Qc7+ Kg6
49. Qxg3+ Kf5 0-1

[Event "9. Longericher Sommer-Open"]
[Site "9. Longericher Sommer-Open"]
[Date "2012.08.04"]
[Round "2.14"]
[White "Arlt, Klaus"]
[Black "Weinmann-Musset, Manfred"]
[Result "0-1"]
[WhiteElo "1954"]
[BlackElo "1812"]
[PlyCount "64"]
[EventDate "2012.??.??"]
[WhiteTeam "SF Köln-Mülheim e.V."]
[BlackTeam "Ford-SF Köln e.V."]

1. c4 f5 2. Nf3 d6 3. d4 c6 4. Nc3 {[%emt 0:00:04]} Nf6 5. Qc2 g6 6. e3 a5 7.
Bd3 Na6 8. a3 Qc7 9. d5 Nc5 10. Be2 Bg7 11. O-O O-O 12. b3 e5 13. dxe6 Bxe6 14.
Ng5 Rae8 15. Nxe6 Rxe6 16. Rb1 h5 17. b4 axb4 18. axb4 Ncd7 19. b5 Ne4 20. Nxe4
fxe4 21. Ba3 Rf5 22. c5 d5 23. Qa4 Be5 24. h3 Ref6 25. bxc6 bxc6 26. Bb2 Rf8
27. Bxe5 Nxe5 28. Qa6 Nf3+ 29. Bxf3 exf3 30. Rb7 Qe5 31. Qxc6 Rg5 32. Qd7 Rxg2+
0-1

[Event "9. Longericher Sommer-Open"]
[Site "9. Longericher Sommer-Open"]
[Date "2012.08.04"]
[Round "2.15"]
[White "Mass, Elvira"]
[Black "Marzec, Witold"]
[Result "1-0"]
[WhiteElo "1947"]
[BlackElo "1732"]
[PlyCount "59"]
[EventDate "2012.??.??"]
[WhiteTeam "SG Porz e.V."]

1. Nf3 d5 2. g3 Nf6 3. Bg2 e6 4. O-O Be7 5. d3 O-O 6. Nbd2 c6 7. e4 Qc7 8. e5
Ne8 9. Re1 Nd7 10. Nf1 b6 11. Bf4 Bb7 12. h4 Qd8 13. N1h2 Nc7 14. Ng5 Bxg5 15.
hxg5 Re8 16. Qh5 Nf8 17. Ng4 Kh8 18. Bf3 Re7 19. Kg2 Ng6 20. Rh1 Qg8 21. Rh2
Ne8 22. Rah1 Nf8 23. Nf6 gxf6 24. gxf6 Rd7 25. Bh6 Ng6 26. Bg7+ Nxg7 27. Qxh7+
Qxh7 28. Rxh7+ Kg8 29. Rxg7+ Kf8 30. Rhh7 1-0

[Event "9. Longericher Sommer-Open"]
[Site "9. Longericher Sommer-Open"]
[Date "2012.08.04"]
[Round "2.17"]
[White "Lantsman, Boris"]
[Black "Brecker, Hans-Jörg"]
[Result "0-1"]
[WhiteElo "1778"]
[BlackElo "1893"]
[PlyCount "60"]
[EventDate "2012.??.??"]
[WhiteTeam "SF Köln-Longerich 195"]
[BlackTeam "SF Erkelenz 1959 e.V."]

1. e4 d5 2. exd5 Qxd5 3. Nc3 Qd6 4. Nf3 Nf6 5. Be2 Bf5 6. d4 c6 7. Ne5 e6 8. a3
Qc7 9. Bf4 Bd6 10. Bg3 O-O 11. O-O Rd8 12. Bd3 Bxd3 13. Qxd3 Nbd7 14. Nxd7 Rxd7
15. Rfd1 Rad8 16. Qc4 a6 17. Ne2 Bxg3 18. hxg3 b5 19. Qb3 Rd5 20. c3 Ng4 21.
Nf4 Rf5 22. Re1 h5 23. f3 Nh6 24. Ne2 Rg5 25. Nf4 g6 26. Re4 Rxg3 27. Rae1 Nf5
28. Nxe6 fxe6 29. Rxe6 Qf7 30. Qc2 Nh4 0-1

[Event "9. Longericher Sommer-Open"]
[Site "9. Longericher Sommer-Open"]
[Date "2012.08.04"]
[Round "2.18"]
[White "Vranidis, Athanassios"]
[Black "Gutt, Oswald"]
[Result "1/2-1/2"]
[WhiteElo "1745"]
[BlackElo "1857"]
[PlyCount "38"]
[EventDate "2012.??.??"]
[WhiteTeam "SG Solingen e.V."]
[BlackTeam "Bergische SF 1923 Ber"]

1. d4 d5 2. c4 c6 3. Nf3 Nf6 4. e3 e6 5. Nc3 Nbd7 6. Qc2 Be7 7. Bd3 b6 8. b3
Bb7 9. Bb2 h6 10. O-O O-O 11. Rfe1 c5 12. Rad1 cxd4 13. exd4 Rc8 14. Qe2 Qc7
15. Ne5 Bb4 16. Rc1 Qb8 17. Red1 Bxc3 18. Bxc3 Nxe5 19. dxe5 Nd7 1/2-1/2

[Event "9. Longericher Sommer-Open"]
[Site "9. Longericher Sommer-Open"]
[Date "2012.08.04"]
[Round "2.19"]
[White "Jiritschka, Wolfgang"]
[Black "Fieberg, Samuel"]
[Result "1-0"]
[WhiteElo "1865"]
[BlackElo "1745"]
[PlyCount "63"]
[EventDate "2012.??.??"]
[WhiteTeam "SC Bayer Leverkusen e.V."]
[BlackTeam "SG Porz e.V."]

1. c4 e5 2. Nc3 Nf6 3. g3 c6 4. d4 exd4 5. Qxd4 d5 6. cxd5 Nxd5 7. Nxd5 cxd5 8.
Bg2 Be6 9. Bd2 Nc6 10. Qa4 Bc5 11. b4 Bxf2+ (11... Qf6) 12. Kxf2 Qf6+ 13. Nf3
O-O 14. Rac1 Rfe8 15. Bg5 Qf5 16. Qc2 Qg4 17. a3 f6 18. h3 Qh5 19. g4 Qf7 20.
Bf4 Ne5 21. Nd4 Rac8 22. Qb3 Nc4 23. Rhd1 g5 24. Bg3 Rcd8 25. Nxe6 Qxe6 26.
Bxd5 Rxd5 27. Qxc4 Qe3+ 28. Kf1 Qxg3 29. Qxd5+ Kh8 30. Qf3 Qe5 31. Rd5 Qb2 32.
Rc7 1-0

[Event "9. Longericher Sommer-Open"]
[Site "9. Longericher Sommer-Open"]
[Date "2012.08.04"]
[Round "2.20"]
[White "Hübben, Dominik"]
[Black "de Vivie, Achim"]
[Result "0-1"]
[WhiteElo "1854"]
[BlackElo "1727"]
[PlyCount "62"]
[EventDate "2012.??.??"]
[WhiteTeam "Eschweiler SC 1921 e.V."]
[BlackTeam "SF Köln-Longerich 195"]

1. d4 d5 2. Bg5 Nf6 3. Bxf6 exf6 4. e3 Be6 5. Ne2 Bd6 6. Nf4 O-O 7. Bd3 Nd7 8.
Nxd5 f5 9. Qf3 c6 10. Ndc3 g6 11. O-O Nf6 12. h3 Nh5 13. Nd2 Qh4 14. Nc4 Bc7
15. d5 Bd7 16. e4 fxe4 17. Bxe4 Nf4 18. dxc6 Nxh3+ 19. gxh3 Bxh3 20. Ne3 Bh2+
21. Kxh2 Bg4+ 22. Kg1 Bxf3 23. Bxf3 bxc6 24. Bxc6 Rac8 25. Bg2 Rc5 26. Ncd5 f5
27. b4 Rc6 28. Ne7+ Qxe7 29. Bxc6 f4 30. Ng4 f3 31. Nh2 Qg5+ 0-1

[Event "9. Longericher Sommer-Open"]
[Site "9. Longericher Sommer-Open"]
[Date "2012.08.04"]
[Round "2.21"]
[White "Wigger, Reiner"]
[Black "Begri, Felix"]
[Result "0-1"]
[WhiteElo "1843"]
[BlackElo "1775"]
[PlyCount "82"]
[EventDate "2012.??.??"]
[WhiteTeam "Indische Dame Münster"]
[BlackTeam "Tischtennisclub Grün-Weiß Fritzd"]

1. e4 c5 2. Nf3 d6 3. Bb5+ Bd7 4. Bxd7+ Qxd7 5. O-O Nc6 6. Qe2 e6 7. Rd1 Nge7
8. c4 Ng6 9. d4 cxd4 10. Nxd4 Nxd4 11. Rxd4 Qc6 12. Nc3 Be7 13. Rd1 O-O 14. b3
a6 15. Bb2 Bf6 16. Rac1 Nf4 17. Qf3 Be5 18. Na4 f5 19. Bxe5 fxe4 20. Qe3 dxe5
21. Nc3 Rf6 22. Rc2 Rg6 23. g3 Nh3+ 24. Kg2 Ng5 25. h4 Nf3 26. Kh3 Rf8 27. Qxe4
Qe8 28. Qxb7 Rh6 29. Qe4 Ng5+ 30. Kg2 Nxe4 31. Nxe4 Qc6 32. Re2 Rhf6 33. Kg1
Rf3 34. Rd6 Qc7 35. Rxa6 Rd3 36. Rxe6 Rd1+ 37. Kh2 Qa5 38. Ng5 Qc3 39. Nh3 Qa1
40. g4 Rh1+ 41. Kg3 Rxh3+ 0-1

[Event "9. Longericher Sommer-Open"]
[Site "9. Longericher Sommer-Open"]
[Date "2012.08.04"]
[Round "2.22"]
[White "Rieger, Isabelle"]
[Black "Kuhn, Andreas"]
[Result "1/2-1/2"]
[WhiteElo "1598"]
[BlackElo "1824"]
[PlyCount "68"]
[EventDate "2012.??.??"]
[WhiteTeam "SV Fideler Bauer Lever"]
[BlackTeam "SG Niederkassel"]

1. d4 d6 2. c4 Nf6 3. Nc3 g6 4. e4 Bg7 5. Nf3 O-O 6. Be2 Nbd7 7. O-O e5 8. d5
Nc5 9. Qc2 c6 10. dxc6 bxc6 11. Rd1 Qc7 12. Be3 Ne6 13. h3 Bb7 14. Rac1 a6 15.
Qd3 Rfd8 16. Na4 c5 17. Nc3 Nd4 18. Bxd4 exd4 19. Nd5 Bxd5 20. exd5 Rab8 21.
Rb1 a5 22. Ne1 Rb6 23. Nc2 Rdb8 24. b3 Nd7 25. Na3 Re8 26. Nb5 Qb8 27. Re1 a4
28. Qg3 axb3 29. axb3 Be5 30. Qd3 Qd8 31. Ra1 Nb8 32. Ra8 Qe7 33. Rea1 Bf4 34.
Kf1 Nd7 1/2-1/2

[Event "9. Longericher Sommer-Open"]
[Site "9. Longericher Sommer-Open"]
[Date "2012.08.04"]
[Round "2.23"]
[White "Dijkhuis, Sven"]
[Black "Andrä, Philipp"]
[Result "1-0"]
[WhiteElo "1724"]
[BlackElo "1789"]
[PlyCount "89"]
[EventDate "2012.??.??"]
[WhiteTeam "Schaakclub Utrecht"]
[BlackTeam "SG Solingen e.V."]

1. e4 c5 2. Nf3 d6 3. d4 cxd4 4. Nxd4 Nf6 5. Nc3 a6 6. Be2 b5 7. a3 Bb7 8. Bf3
e5 9. Nb3 Nbd7 10. O-O Be7 11. Be3 O-O 12. g3 Nb6 13. Na5 Bc8 14. Nc6 Qc7 15.
Nxe7+ Qxe7 16. Bxb6 Rb8 17. Be3 Bb7 18. Bg2 Rbc8 19. Qe2 Rc4 20. Bg5 h6 21. Bd2
Rfc8 22. Rfd1 Qe6 23. h3 Nd7 24. Be3 Nf6 25. Qd3 Rd8 26. b3 Rcc8 27. Nd5 Nxd5
28. exd5 Qe7 29. Be4 Kh8 30. Bb6 Re8 31. Qf3 g6 32. Qe3 Kg7 33. Qd2 f5 34. Bg2
Rb8 35. Be3 g5 36. f4 Kg6 37. fxe5 Qxe5 38. Bf2 Rbc8 39. Re1 Qb2 40. Rxe8 Qxa1+
41. Re1 Qxa3 42. Qe3 Qb2 43. Qe7 Qg7 44. Qxg7+ Kxg7 45. Re7+ 1-0

[Event "9. Longericher Sommer-Open"]
[Site "9. Longericher Sommer-Open"]
[Date "2012.08.04"]
[Round "2.24"]
[White "Heyn, Peter"]
[Black "Brandl, Lea Maria"]
[Result "1/2-1/2"]
[WhiteElo "1870"]
[BlackElo "1796"]
[PlyCount "89"]
[EventDate "2012.??.??"]
[WhiteTeam "Düsseldorfer SV 1854"]
[BlackTeam "SV 1920 Hofheim"]

1. d4 Nf6 2. c4 g6 3. Nc3 d5 4. e3 Bg7 5. Qb3 c6 6. Nf3 O-O 7. Bd3 e6 8. Ne5
Nbd7 9. Nxd7 Qxd7 10. O-O Qe7 11. f4 Rd8 12. c5 Rb8 13. Qc2 b6 14. b4 Qc7 15.
Bd2 a5 16. cxb6 Qxb6 17. bxa5 Qxa5 18. Na4 Qc7 19. Rfc1 Bb7 20. Bb4 Rdc8 21. h3
Ra8 22. Nc5 Nd7 23. Nb3 Ba6 24. a3 Bxd3 25. Qxd3 Qb6 26. Rc3 Qb5 27. Qc2 Nb6
28. Rc1 Nc4 29. Nd2 Nxd2 30. Qxd2 Qb7 31. Qc2 Ra6 32. Rb3 Rb6 33. Rc3 Ra6 34.
Bc5 Rb8 35. Bd6 Rd8 36. Rb1 Rb6 37. Rxb6 Qxb6 38. Rxc6 Qb5 39. Bb4 h5 40. Rc5
Qb8 41. Ba5 Re8 42. Bc7 Qb7 43. a4 Ra8 44. a5 Bf8 45. Rc3 1/2-1/2